Online katalóg knižníc regiónu Turca

Jane utíká (Record no. 22035)

MARC details
000 -LEADER
fixed length control field 01536cam a2200421 a 4500
001 - CONTROL NUMBER
control field 22035
003 - CONTROL NUMBER IDENTIFIER
control field VRT
005 - DATE AND TIME OF LATEST TRANSACTION
control field 20260318091407.0
008 - FIXED-LENGTH DATA ELEMENTS--GENERAL INFORMATION
fixed length control field 240226s1992 xo er 000 f cze
015 ## - NATIONAL BIBLIOGRAPHY NUMBER
National bibliography number SNBA1992/07
020 ## - INTERNATIONAL STANDARD BOOK NUMBER
International Standard Book Number 8071180580
Qualifying information (viazané)
035 ## - SYSTEM CONTROL NUMBER
System control number SNK000011306
035 ## - SYSTEM CONTROL NUMBER
System control number E561304F-62C3-4B5A-B073-C4918A8EBE8A
035 ## - SYSTEM CONTROL NUMBER
System control number urn:nbn:sk:snk-am00ijk3
039 #9 - LEVEL OF BIBLIOGRAPHIC CONTROL AND CODING DETAIL [OBSOLETE]
Level of rules in bibliographic description 202406271930
Level of effort used to assign nonsubject heading access points csnk01
Level of effort used to assign subject headings 202402262002
Level of effort used to assign classification VLOAD
Level of effort used to assign subject headings 202305011800
Level of effort used to assign classification VLOAD
Level of effort used to assign subject headings 202304281359
Level of effort used to assign classification VLOAD
040 ## - CATALOGING SOURCE
Original cataloging agency SNK
Language of cataloging slo
Transcribing agency SNK
Description conventions AACR2
041 1# - LANGUAGE CODE
Language code of text/sound track or separate title cze
Language code of original eng
044 ## - COUNTRY OF PUBLISHING/PRODUCING ENTITY CODE
MARC country code xo
ISO country code SK
072 #7 - SUBJECT CATEGORY CODE
Subject category code 821.111-3
Subject category code subdivision Anglická próza, anglicky písaná
Source konspekt
080 ## - UNIVERSAL DECIMAL CLASSIFICATION NUMBER
Universal Decimal Classification number 820 (71)-3=850
Edition identifier 1981
080 ## - UNIVERSAL DECIMAL CLASSIFICATION NUMBER
Universal Decimal Classification number 821.111(71)-31
Edition identifier 2011
080 ## - UNIVERSAL DECIMAL CLASSIFICATION NUMBER
Universal Decimal Classification number (0:82-312.4)
Edition identifier 2011
100 1# - MAIN ENTRY--PERSONAL NAME
Personal name Fielding, Joy,
Dates associated with a name 1945-
Relationship aut
240 10 - UNIFORM TITLE
Uniform title See Jane run
Language of a work Česky
245 10 - TITLE STATEMENT
Title Jane utíká
Statement of responsibility, etc. Joy Fieldingová ; z anglického originálu See Jane run ... přeložila Ludmila Hanzlíková
250 ## - EDITION STATEMENT
Edition statement 1. vyd.
260 ## - PUBLICATION, DISTRIBUTION, ETC.
Place of publication, distribution, etc. Bratislava
Name of publisher, distributor, etc. Ikar
Date of publication, distribution, etc. 1992
Place of manufacture Banská Bystrica
Manufacturer Tlačiarne BB
300 ## - PHYSICAL DESCRIPTION
Extent 335 strán
Dimensions 21 cm
655 #7 - INDEX TERM--GENRE/FORM
Genre/form data or focus term kanadské romány (anglicky)
Source of term SNKPH
655 #7 - INDEX TERM--GENRE/FORM
Genre/form data or focus term trilery (romány)
Source of term SNKPH
700 1# - ADDED ENTRY--PERSONAL NAME
Personal name Hanzlíková, Ludmila,
Dates associated with a name 1942-
Relationship trl
942 ## - ADDED ENTRY ELEMENTS (KOHA)
Source of classification or shelving scheme Dewey Decimal Classification
Koha item type Krásna literatúra pre dospelých
Suppress in OPAC No
949 ## - LOCAL PROCESSING INFORMATION (OCLC)
6 17A0140324
9 P60, <05>, [BOOK], {605}
a snkSC 81720 D1
949 ## - LOCAL PROCESSING INFORMATION (OCLC)
6 17A0982799
a snkSC 81720
b snkKSP 4271/92
s 6100:20221110
949 ## - LOCAL PROCESSING INFORMATION (OCLC)
6 273K0187664
a svkpoA 155786
b svkpo383971
o PV 4043/92
Holdings
Stav vyradenia Strata Poškodenie Spôsob nadobudnutia Domovská knižnica Aktuálna knižnica Dátum nadobudnutia Total checkouts Čiarový kód exemplára Date last seen Typ exemplára
      Dar Obecná knižnica Turčianska Štiavnička Obecná knižnica Turčianska Štiavnička 18.03.2026   4738000522 18.03.2026 Krásna literatúra pre dospelých
Projekt je podporený Slovenskou asociáciou knižníc
Prevádzkuje Turčianska knižnica Martin 2026